|
|
|
|
| LEADER |
00000cam a22000002c 4500 |
| 001 |
1840063793 |
| 003 |
DE-627 |
| 005 |
20250701171639.0 |
| 007 |
cr uuu---uuuuu |
| 008 |
230324s1992 xx |||||o 00| ||eng c |
| 024 |
7 |
|
|a 10.3886/ICPSR09684.v1
|2 doi
|
| 035 |
|
|
|a (DE-627)1840063793
|
| 035 |
|
|
|a (DE-599)KXP1840063793
|
| 040 |
|
|
|a DE-627
|b ger
|c DE-627
|e rda
|
| 041 |
|
|
|a eng
|
| 084 |
|
|
|a 2,1
|2 ssgn
|
| 100 |
1 |
|
|a Shannonn, Lyle W.
|e VerfasserIn
|4 aut
|
| 245 |
1 |
0 |
|a Patterns of Drug Use and Their Relation to Improving Prediction of Patterns of Delinquency and Crime in Racine, Wisconsin, 1961-1988
|
| 264 |
|
1 |
|a [Erscheinungsort nicht ermittelbar]
|b [Verlag nicht ermittelbar]
|c 1992
|
| 336 |
|
|
|a Text
|b txt
|2 rdacontent
|
| 337 |
|
|
|a Computermedien
|b c
|2 rdamedia
|
| 338 |
|
|
|a Online-Ressource
|b cr
|2 rdacarrier
|
| 520 |
|
|
|a This dataset presents information on the relationship between drug and alcohol use and contacts with police for persons in Racine, Wisconsin, born in 1955. The collection is part of an ongoing longitudinal study of three Racine, Wisconsin, birth cohorts: those born in 1942, 1949, and 1955. Only those born in 1955 were considered to have potential for substantial contact with drugs, and thus only the younger cohort was targeted for this collection. Data were gathered for ages 6 to 33 for the cohort members. The file contains information on the most serious offense during the juvenile and adult periods, the number of police contacts grouped by age of the cohort member, seriousness of the reason for police contact, drugs involved in the incident, the reason police gave for the person having the drugs, the reason police gave for the contact, and the neighborhood in which the juvenile was socialized. Other variables include length of residence in Racine of the cohort member, and demographic information including age, sex, and race.
|
| 540 |
|
|
|a ICPSR Terms of Use
|
| 650 |
|
4 |
|a Adults
|
| 650 |
|
4 |
|a Alcohol abuse
|
| 650 |
|
4 |
|a Criminality
|
| 650 |
|
4 |
|a Delinquent Behavior
|
| 650 |
|
4 |
|a Drug Abuse
|
| 650 |
|
4 |
|a historical data
|
| 650 |
|
4 |
|a Juveniles
|
| 650 |
|
4 |
|a Offenses
|
| 655 |
|
7 |
|a Forschungsdaten
|0 (DE-588)1098579690
|0 (DE-627)857755366
|0 (DE-576)469182156
|2 gnd-content
|
| 787 |
0 |
8 |
|i Forschungsdaten zu
|a Lab, Steven P., 1955 -
|t Analyzing Change in Crime and Delinquency Rates: The Case for Cohort Analysis
|d 1988
|w (DE-627)1912457377
|
| 787 |
0 |
8 |
|i Forschungsdaten zu
|a Greenwood, Peter W.
|t Differences in criminal behavior and court responses among juvenile and young adult defendants
|d University of Chicago Press, 1986
|w (DE-627)1912513536
|
| 787 |
0 |
8 |
|i Forschungsdaten zu
|a Langsam, Adam H.
|t Juvenile Substance Abuse and Criminal Career Continuity
|d [Erscheinungsort nicht ermittelbar] : University of North Texas, 2000
|w (DE-627)1912604523
|
| 787 |
0 |
8 |
|i Forschungsdaten zu
|a Rowe, David C.
|t A Latent Trait Approach to Unifying Criminal Careers
|d 1990
|w (DE-627)191260602X
|
| 787 |
0 |
8 |
|i Forschungsdaten zu
|a Doherty, Elaine Eggleston
|t The onset of adult offending: A neglected dimension of the criminal career
|d 2002
|w (DE-627)191264133X
|
| 787 |
0 |
8 |
|i Forschungsdaten zu
|a Shannon, Lyle W.
|t Patterns of Drug Use and Their Relation to Improving Prediction of Patterns of Delinquency and Crime
|d [Erscheinungsort nicht ermittelbar] : United States Department of Justice, National Institute of Justice
|w (DE-627)191264696X
|
| 856 |
4 |
0 |
|u https://doi.org/10.3886/ICPSR09684.v1
|x Resolving-System
|z kostenfrei
|3 Volltext
|7 0
|
| 935 |
|
|
|a mkri
|
| 951 |
|
|
|a BO
|
| ELC |
|
|
|a 1
|
| LOK |
|
|
|0 000 xxxxxcx a22 zn 4500
|
| LOK |
|
|
|0 001 4296811479
|
| LOK |
|
|
|0 003 DE-627
|
| LOK |
|
|
|0 004 1840063793
|
| LOK |
|
|
|0 005 20230324125322
|
| LOK |
|
|
|0 008 230324||||||||||||||||ger|||||||
|
| LOK |
|
|
|0 035
|a (DE-2619)ICPSR9684
|
| LOK |
|
|
|0 040
|a DE-2619
|c DE-627
|d DE-2619
|
| LOK |
|
|
|0 092
|o n
|
| LOK |
|
|
|0 852
|a DE-2619
|
| LOK |
|
|
|0 852 1
|9 00
|
| LOK |
|
|
|0 935
|a foda
|a nacj
|
| LOK |
|
|
|0 939
|a 24-03-23
|b l01
|
| OAS |
|
|
|a 1
|
| ORI |
|
|
|a SA-MARC-krimdoka001.raw
|